000
00288nam a2200109Ia 4500
008
200302s9999 xx 000 0 und d
100
_a
A. K. Jain and Other
245
_a
Smart Cities Vision and Action
260
_b
Discovery Publishing House Pvt. Ltd.
260
_c
2015
300
_a
414 P.,
999
_c
5387
_d
5387